Britain's war in the Middle East : strategy and diplomacy, 1936-42 /

Bibliographic Details
Main Author: Kolinsky, Martin
Format: Book
Language:English
Published: New York : St. Martin's Press, 1999.
Subjects:

MARC

Tag First Indicator Second Indicator Subfields
LEADER 00000cam a2200000 a 4500
001 in00001512721
005 20151021103847.0
008 990128s1999 nyu b 001 0 eng
010 |a  99012410  
020 |a 0312222572 (cloth) 
035 |a (OCoLC)40762549 
035 |9 AJL2889AM 
040 |a DLC  |c DLC  |d TXA  |d UtOrBLW 
043 |a aw-----  |a e-uk--- 
049 |a TXAM 
050 0 0 |a DS63.2.G7  |b K65 1999 
082 0 0 |a 303.48/256041  |2 21 
100 1 |a Kolinsky, Martin. 
245 1 0 |a Britain's war in the Middle East :  |b strategy and diplomacy, 1936-42 /  |c Martin Kolinsky. 
264 1 |a New York :  |b St. Martin's Press,  |c 1999. 
300 |a xii, 308 pages ;  |c 23 cm. 
336 |a text  |b txt  |2 rdacontent 
337 |a unmediated  |b n  |2 rdamedia 
338 |a volume  |b nc  |2 rdacarrier 
504 |a Includes bibliographical references (pages 275-286) and index. 
651 0 |a Middle East  |x Relations  |z Great Britain. 
651 0 |a Great Britain  |x Relations  |z Middle East. 
650 0 |a World War, 1939-1945  |z Middle East. 
650 0 |a World War, 1939-1945  |z Great Britain. 
948 |a c:dm 
999 |a MARS 
999 f f |s f3c1c7a7-833d-3298-9cb5-098c5180b9f0  |i 46f4dda1-295b-3a96-95fa-f68670ff3fd5  |t 0 
952 f f |p ric  |a Texas A&M University  |b Rellis Campus  |c Joint Library Facility  |d Remote Storage  |t 0  |e DS63.2.G7 K65 1999  |h Library of Congress classification  |i unmediated -- volume  |m A14825355922 
998 f f |a DS63.2.G7 K65 1999  |t 0  |l Remote Storage